[Event "North American Open 2014"]
[Site "Las Vegas"]
[Date "2014.12.26"]
[Round "2.17"]
[White "Viswanadha, Kesav"]
[Black "Jacobson, Brandon"]
[Result "1-0"]
[WhiteElo "2404"]
[BlackElo "1981"]
[PlyCount "83"]
[EventDate "2014.12.??"]
[EventType "swiss"]
[EventRounds "9"]
[EventCountry "USA"]
[Source "MonRoi"]

1. e4 c6 2. d4 d5 3. e5 Bf5 4. Nf3 e6 5. Be2 c5 6. Be3 cxd4 7. Nxd4 Ne7 8. Nd2
Nbc6 9. N2f3 Be4 10. O-O Ng6 11. Bb5 Qc7 12. Ng5 Ngxe5 13. f4 Nd7 14. Nxe4 dxe4
15. Bxc6 bxc6 16. f5 e5 17. Ne6 fxe6 18. Qh5+ g6 19. fxg6 O-O-O 20. g7 Bxg7 21.
Rf7 Qb8 22. Rxg7 Qxb2 23. Rd1 Nf6 24. Rxd8+ Rxd8 25. Qf7 Qb1+ 26. Kf2 Nd7 27.
Kg3 Qxc2 28. Qxe6 Qc3 29. Qh6 Nf6 30. Kh4 Qe1+ 31. g3 Qe2 32. Qxf6 Qxh2+ 33.
Kg4 Qe2+ 34. Kh3 Qh5+ 35. Kg2 Qe2+ 36. Bf2 Qf3+ 37. Qxf3 exf3+ 38. Kxf3 Rd2 39.
Rxa7 Kb8 40. Be3 Rc2 41. Rxh7 Rxa2 42. g4 1-0

[Event "North American Open 2014"]
[Site "Las Vegas"]
[Date "2014.12.26"]
[Round "2.21"]
[White "Batchuluun, Tsegme"]
[Black "Colas, Joshua"]
[Result "1/2-1/2"]
[WhiteElo "2525"]
[BlackElo "2220"]
[PlyCount "76"]
[EventDate "2014.12.??"]
[EventType "swiss"]
[EventRounds "9"]
[EventCountry "USA"]
[Source "MonRoi"]

1. d4 Nf6 2. c4 e6 3. Nc3 Bb4 4. e3 O-O 5. Bd3 d5 6. Nf3 c5 7. O-O cxd4 8. exd4
dxc4 9. Bxc4 b6 10. Bg5 Bb7 11. Rc1 Be7 12. Qe2 Nc6 13. Rfd1 Nb4 14. Ne5 Nbd5
15. Bd3 h6 16. Bd2 Rc8 17. Bb1 Nxc3 18. bxc3 Ba3 19. Rc2 Be4 20. Nd3 Re8 21.
Bc1 Bxc1 22. Rcxc1 Qd6 23. h3 Red8 24. Qb2 Rc7 25. Ne5 Bxb1 26. Qxb1 Rdc8 27.
c4 Nd7 28. f4 Nxe5 29. fxe5 Qa3 30. Qb3 Qa6 31. d5 exd5 32. Rxd5 Rxc4 33. Rxc4
Qxc4 34. Rd8+ Kh7 35. Rxc8 Qxc8 36. Qxf7 Qc5+ 37. Kh1 Qxe5 38. Qxa7 Qe1+
1/2-1/2

[Event "North American Open 2014"]
[Site "Las Vegas"]
[Date "2014.12.26"]
[Round "2.22"]
[White "Wang, Chen"]
[Black "Adamson, Robby"]
[Result "1-0"]
[WhiteElo "2473"]
[BlackElo "2249"]
[PlyCount "57"]
[EventDate "2014.12.??"]
[EventType "swiss"]
[EventRounds "9"]
[EventCountry "USA"]
[Source "MonRoi"]

1. e4 c6 2. Nc3 d5 3. Nf3 Bg4 4. h3 Bxf3 5. Qxf3 Nf6 6. d3 e6 7. g3 Bb4 8. Bd2
d4 9. Nb1 Qb6 10. b3 a5 11. a3 Bxd2+ 12. Nxd2 Qc5 13. Qd1 Nbd7 14. Bg2 h5 15.
f4 Qe7 16. Nf3 c5 17. a4 e5 18. O-O g6 19. Qd2 Nh7 20. Rf2 O-O 21. Raf1 Kg7 22.
f5 Ra6 23. h4 gxf5 24. exf5 b6 25. f6+ Ndxf6 26. Nxd4 exd4 27. Rxf6 Qe3+ 28.
Qxe3 dxe3 29. R6f5 1-0

[Event "North American Open 2014"]
[Site "Las Vegas"]
[Date "2014.12.26"]
[Round "2.24"]
[White "Pazos, Plinio"]
[Black "Winer, Steven"]
[Result "1/2-1/2"]
[WhiteElo "2212"]
[BlackElo "2380"]
[PlyCount "40"]
[EventDate "2014.12.??"]
[EventType "swiss"]
[EventRounds "9"]
[EventCountry "USA"]
[Source "MonRoi"]

1. d4 d5 2. c4 c6 3. Nf3 Nf6 4. e3 Bg4 5. cxd5 Bxf3 6. Qxf3 cxd5 7. Nc3 Nc6 8.
Bb5 Rc8 9. O-O e6 10. Bd2 Be7 11. Rfc1 O-O 12. a3 Na5 13. Qd1 a6 14. Bd3 Nc4
15. Rab1 b5 16. Na2 a5 17. Qe1 Ra8 18. Nc3 Rb8 19. Na2 Ra8 20. Nc3 Rb8 1/2-1/2

[Event "North American Open 2014"]
[Site "Las Vegas"]
[Date "2014.12.26"]
[Round "2.27"]
[White "Wang, Qibiao"]
[Black "Molner, Mackenzie"]
[Result "1/2-1/2"]
[WhiteElo "2218"]
[BlackElo "2522"]
[PlyCount "79"]
[EventDate "2014.12.??"]
[EventType "swiss"]
[EventRounds "9"]
[EventCountry "USA"]
[Source "MonRoi"]

1. e4 c5 2. Nf3 d6 3. d4 cxd4 4. Nxd4 Nf6 5. Nc3 a6 6. Be3 Ng4 7. Bc1 Nc6 8.
Be2 Nf6 9. Be3 e6 10. f4 Be7 11. O-O O-O 12. Qe1 Nxd4 13. Bxd4 b5 14. a3 Bb7
15. Qg3 g6 16. Bd3 Nh5 17. Qf2 Nxf4 18. Qxf4 e5 19. Bxe5 dxe5 20. Qxe5 Bd6 21.
Qf6 Qxf6 22. Rxf6 Be5 23. Rff1 Rac8 24. Rab1 Bd4+ 25. Kh1 Bxc3 26. bxc3 Rxc3
27. a4 Bc6 28. axb5 axb5 29. Kg1 Kg7 30. Rb4 Re8 31. Rfb1 Re5 32. Rd4 h5 33.
Kf2 h4 34. g3 hxg3+ 35. hxg3 Kf6 36. Ke3 Kg5 37. Rf1 f5 38. Kd2 Rcc5 39. exf5
gxf5 40. Rff4 1/2-1/2

[Event "North American Open 2014"]
[Site "Las Vegas"]
[Date "2014.12.26"]
[Round "2.30"]
[White "Feng, Roland"]
[Black "Li, Ruifeng"]
[Result "1-0"]
[WhiteElo "2139"]
[BlackElo "2351"]
[PlyCount "125"]
[EventDate "2014.12.??"]
[EventType "swiss"]
[EventRounds "9"]
[EventCountry "USA"]
[Source "MonRoi"]

1. d4 Nf6 2. c4 e6 3. Nc3 Bb4 4. Qc2 O-O 5. a3 Bxc3+ 6. Qxc3 b6 7. Nf3 Bb7 8.
e3 d6 9. Bd3 Nbd7 10. O-O Qe7 11. b4 Ne4 12. Qc2 f5 13. Nd2 Nxd2 14. Bxd2 c5
15. Rab1 Qh4 16. f4 Qe7 17. dxc5 bxc5 18. e4 e5 19. Rbe1 fxe4 20. Bxe4 Bxe4 21.
Qxe4 Nf6 22. Qe2 e4 23. bxc5 dxc5 24. Be3 Rfd8 25. Rd1 Rab8 26. h3 a5 27. Rxd8+
Rxd8 28. Rd1 Rxd1+ 29. Qxd1 Qd7 30. Qc1 Qd6 31. Kf2 h5 32. Qc3 Qc7 33. Bd2 a4
34. Be3 h4 35. Qb2 Qd6 36. Qb5 Qd1 37. Qxc5 Kf7 38. Qd4 Qc2+ 39. Bd2 Qa2 40.
Qc3 Kg6 41. Kg1 Qb1+ 42. Be1 Nh5 43. Kh2 Nxf4 44. Bxh4 Ne2 45. Qe3 Qd3 46. Qg5+
Kh7 47. Qf5+ Kh8 48. c5 Nd4 49. Qh5+ Kg8 50. Bf2 Ne2 51. Qe8+ Kh7 52. Qe5 Qc4
53. c6 Qxc6 54. Qh5+ Kg8 55. Qxe2 Qd6+ 56. Bg3 Qxa3 57. Qc4+ Kh8 58. Qxe4 Qb3
59. Be5 a3 60. Qa8+ Kh7 61. Qa7 Qg8 62. Qxa3 Qe6 63. Qg3 1-0

[Event "North American Open 2014"]
[Site "Las Vegas"]
[Date "2014.12.27"]
[Round "3.2"]
[White "Arenas, David"]
[Black "Erenburg, Sergey"]
[Result "1/2-1/2"]
[WhiteElo "2435"]
[BlackElo "2601"]
[PlyCount "42"]
[EventDate "2014.12.??"]
[EventType "swiss"]
[EventRounds "9"]
[EventCountry "USA"]
[Source "MonRoi"]

1. e4 c6 2. d4 d5 3. e5 Bf5 4. Nf3 e6 5. Be2 Ne7 6. O-O Bg6 7. Nbd2 Nf5 8. Nb3
Nd7 9. c3 a6 10. Bf4 Rc8 11. g4 Nh6 12. Ne1 c5 13. Be3 c4 14. Nd2 Ng8 15. f4
Ne7 16. Rf2 Qb6 17. Qc1 h5 18. h3 hxg4 19. hxg4 f6 20. Nf1 Be4 21. Ng3 Qc6
1/2-1/2

[Event "North American Open 2014"]
[Site "Las Vegas"]
[Date "2014.12.27"]
[Round "3.3"]
[White "Gallego, Andres"]
[Black "Yermolinsky, Alex"]
[Result "0-1"]
[WhiteElo "2411"]
[BlackElo "2519"]
[PlyCount "88"]
[EventDate "2014.12.??"]
[EventType "swiss"]
[EventRounds "9"]
[EventCountry "USA"]
[Source "MonRoi"]

1. d4 Nf6 2. c4 e6 3. Nf3 b6 4. a3 Ba6 5. Qc2 Bb7 6. Nc3 c5 7. e4 cxd4 8. Nxd4
Bc5 9. Nb3 Nc6 10. Bg5 h6 11. Bh4 Be7 12. Be2 O-O 13. Bg3 d6 14. Rd1 Qb8 15.
O-O a6 16. f4 Qc7 17. f5 Ne5 18. fxe6 fxe6 19. Nd4 Bc8 20. Qb3 Rb8 21. Qa2 Bd7
22. c5 bxc5 23. Nxe6 Bxe6 24. Qxe6+ Kh8 25. Bxe5 dxe5 26. Bc4 Rb6 27. Qh3 Rxb2
28. Rd3 Qc6 29. Rdf3 Rbb8 30. Qg3 Rbd8 31. Rf5 Qd6 32. Kh1 Qd4 33. Bd5 Nxd5 34.
exd5 Rxf5 35. Rxf5 e4 36. Qe1 Bf6 37. Ne2 Qa1 38. Qxa1 Bxa1 39. g3 c4 40. Kg2
Bb2 41. a4 c3 42. Nd4 g6 43. Rf7 Rxd5 44. Ne6 Ba3 0-1

[Event "North American Open 2014"]
[Site "Las Vegas"]
[Date "2014.12.27"]
[Round "3.4"]
[White "Georgiev, Vladimir"]
[Black "Viswanadha, Kesav"]
[Result "1-0"]
[WhiteElo "2517"]
[BlackElo "2404"]
[PlyCount "107"]
[EventDate "2014.12.??"]
[EventType "swiss"]
[EventRounds "9"]
[EventCountry "USA"]
[Source "MonRoi"]

1. d4 Nf6 2. c4 e6 3. Nc3 Bb4 4. e3 O-O 5. Bd3 c5 6. Nf3 d5 7. O-O dxc4 8. Bxc4
cxd4 9. exd4 b6 10. Bg5 Bb7 11. Rc1 Nbd7 12. Qe2 Bxc3 13. Rxc3 Qb8 14. Bh4 Qf4
15. Bg3 Qg4 16. Bb5 Rfc8 17. Rxc8+ Rxc8 18. Ba6 Bxa6 19. Qxa6 Ra8 20. Rc1 h6
21. h3 Qe4 22. Kh2 Ne8 23. a4 Kh7 24. b4 Qd5 25. a5 Nd6 26. Bxd6 Qxd6+ 27. Kg1
Qd5 28. Rc7 bxa5 29. bxa5 Rb8 30. Qd3+ f5 31. Rxa7 Rb3 32. Qc2 Rb7 33. Rxb7
Qxb7 34. Qc4 Qb1+ 35. Kh2 Qb8+ 36. Kg1 Qb1+ 37. Kh2 Qb8+ 38. Kh1 Qb1+ 39. Ng1
Qe4 40. a6 Nb6 41. Qe2 Qxd4 42. Qxe6 Qxf2 43. Qc6 g5 44. a7 g4 45. Qb7+ Kg6 46.
Qxb6+ Qxb6 47. a8=Q Qf2 48. Qg8+ Kh5 49. Qf7+ Kh4 50. hxg4 Kg3 51. Qc7+ f4 52.
Qc3+ Qe3 53. Qc6 Kxg4 54. Qg6+ 1-0

[Event "North American Open 2014"]
[Site "Las Vegas"]
[Date "2014.12.27"]
[Round "3.6"]
[White "Shetty, Atulya"]
[Black "Huang, Qian"]
[Result "1/2-1/2"]
[WhiteElo "2307"]
[BlackElo "2464"]
[PlyCount "85"]
[EventDate "2014.12.??"]
[EventType "swiss"]
[EventRounds "9"]
[EventCountry "USA"]
[Source "MonRoi"]

1. c4 c5 2. g3 Nc6 3. Bg2 g6 4. Nc3 Bg7 5. Nf3 d6 6. O-O e5 7. a3 a5 8. Ne1 Be6
9. d3 Nge7 10. Nc2 O-O 11. Ne3 Qd7 12. Ned5 Rab8 13. Bg5 f6 14. Bd2 Bf7 15. Qa4
Qd8 16. b4 axb4 17. axb4 Nxb4 18. Nxb4 cxb4 19. Qxb4 d5 20. cxd5 Nxd5 21. Nxd5
Bxd5 22. Bxd5+ Qxd5 23. Ra5 Qd7 24. Rb5 Rf7 25. Rb1 Rc8 26. Be3 Rc7 27. Qb3 Qc8
28. Qa4 Bf8 29. Ra5 Qd7 30. Qb3 Qc8 31. Qa4 Qd7 32. Qa2 Kg7 33. Ra8 Bc5 34. Qd2
Bxe3 35. Qxe3 Rc8 36. Ra5 Rc7 37. Rab5 Qc8 38. h4 Rc2 39. R5b4 h5 40. Kh2 Rcc7
41. Qf3 Qf5 42. Qg2 Kh6 43. R4b2 1/2-1/2

[Event "North American Open 2014"]
[Site "Las Vegas"]
[Date "2014.12.27"]
[Round "3.7"]
[White "Bu, Xiangzhi"]
[Black "Sang, Tian"]
[Result "1-0"]
[WhiteElo "2691"]
[BlackElo "2287"]
[PlyCount "65"]
[EventDate "2014.12.??"]
[EventType "swiss"]
[EventRounds "9"]
[EventCountry "USA"]
[Source "MonRoi"]

1. Nf3 e6 2. g3 d5 3. Bg2 Bd6 4. O-O f5 5. c4 Nf6 6. Nc3 O-O 7. d3 c6 8. e4
fxe4 9. dxe4 dxe4 10. Ng5 e5 11. c5 Be7 12. Qb3+ Nd5 13. Bxe4 Bxg5 14. Bxg5
Qxg5 15. Nxd5 cxd5 16. Bxd5+ Kh8 17. Bxb7 Bxb7 18. Qxb7 Nc6 19. Qxc6 Rac8 20.
Qd5 Rfd8 21. Qc4 e4 22. Qxe4 Rxc5 23. Rad1 h6 24. Rxd8+ Qxd8 25. Re1 Qc7 26. b4
Rc1 27. Rxc1 Qxc1+ 28. Kg2 Qc3 29. a4 Qc8 30. h4 Qa6 31. a5 Qc8 32. b5 Qc7 33.
a6 1-0

[Event "North American Open 2014"]
[Site "Las Vegas"]
[Date "2014.12.27"]
[Round "3.9"]
[White "Zhou, Jianchao"]
[Black "Matikozyan, Andranik"]
[Result "1-0"]
[WhiteElo "2587"]
[BlackElo "2439"]
[PlyCount "53"]
[EventDate "2014.12.??"]
[EventType "swiss"]
[EventRounds "9"]
[EventCountry "USA"]
[Source "MonRoi"]

1. c4 Nf6 2. Nc3 g6 3. g3 Bg7 4. Bg2 O-O 5. d4 d6 6. Nf3 c6 7. O-O Qa5 8. e4 e5
9. Re1 exd4 10. Nxd4 Ng4 11. h3 Qc5 12. Nce2 Nf6 13. Qc2 Re8 14. Be3 Qa5 15.
Bf4 Bf8 16. Rad1 Nh5 17. Bd2 Qc7 18. g4 Nf6 19. Ng3 Na6 20. Qc1 Be6 21. Bh6 Nd7
22. Bxf8 Nxf8 23. Ndf5 Rad8 24. Nh6+ Kg7 25. Qg5 Nd7 26. Nh5+ Kf8 27. Nf5 1-0

[Event "North American Open 2014"]
[Site "Las Vegas"]
[Date "2014.12.27"]
[Round "3.10"]
[White "Banawa, Joel"]
[Black "Becerra, Julio"]
[Result "0-1"]
[WhiteElo "2361"]
[BlackElo "2546"]
[PlyCount "132"]
[EventDate "2014.12.??"]
[EventType "swiss"]
[EventRounds "9"]
[EventCountry "USA"]
[Source "MonRoi"]

1. d4 d5 2. c4 c6 3. Nf3 Nf6 4. e3 e6 5. Nbd2 Nbd7 6. Bd3 Bd6 7. O-O O-O 8. e4
e5 9. cxd5 cxd5 10. exd5 exd4 11. Ne4 Nxe4 12. Bxe4 Nc5 13. Qxd4 Nxe4 14. Qxe4
Re8 15. Qd4 b6 16. b4 Bb7 17. Rd1 Qc7 18. Bb2 f6 19. Qg4 Qc8 20. Qh5 Qc2 21.
Rd2 Qg6 22. Qxg6 hxg6 23. a3 Rad8 24. Rad1 Rd7 25. g3 Bb8 26. Nh4 Kf7 27. Ng2
g5 28. Ne3 Re4 29. Rd4 Re8 30. R4d2 Kg6 31. Ng2 Red8 32. h4 gxh4 33. Nxh4+ Kf7
34. Ng2 Bxd5 35. Ne3 Bc6 36. Rxd7+ Rxd7 37. Rxd7+ Bxd7 38. Kf1 g5 39. Ke2 Ke6
40. Ng4 f5 41. Nf6 Bb5+ 42. Kd2 Bd6 43. Nh7 Be7 44. Bd4 f4 45. gxf4 gxf4 46.
Bg7 Kf7 47. Bh6 Kg6 48. Bxf4 Kxh7 49. Bb8 Ba4 50. Bxa7 b5 51. Kc1 Bf6 52. Kb1
Kg6 53. Ka2 Kf5 54. Bc5 Ke4 55. Kb1 Kf3 56. Be3 Bh4 57. Bc1 Bxf2 58. Bb2 Ke2
59. Bc1 Kd3 60. Bb2 Be3 61. Bg7 Bd4 62. Bh6 Kc3 63. Bc1 Kb3 64. Bb2 Be3 65. Ka1
Kc2 66. Ka2 Bd2 0-1

[Event "North American Open 2014"]
[Site "Las Vegas"]
[Date "2014.12.27"]
[Round "3.11"]
[White "Tate, Emory"]
[Black "Wang, Chen"]
[Result "0-1"]
[WhiteElo "2268"]
[BlackElo "2473"]
[PlyCount "138"]
[EventDate "2014.12.??"]
[EventType "swiss"]
[EventRounds "9"]
[EventCountry "USA"]
[Source "MonRoi"]

1. e4 c5 2. Nc3 e6 3. f4 Nc6 4. Nf3 a6 5. g3 Nge7 6. Bg2 d5 7. d3 g6 8. O-O Bg7
9. Kh1 O-O 10. Qe2 b5 11. g4 b4 12. Nd1 f5 13. gxf5 exf5 14. e5 Qc7 15. a3 a5
16. Qf2 d4 17. axb4 Nxb4 18. Qe2 Bb7 19. c3 Nbc6 20. Qc2 Rfc8 21. Qb3+ Kh8 22.
Bd2 h6 23. h4 Rcb8 24. Qc2 Qd7 25. c4 a4 26. Be1 Nd8 27. Qf2 Ne6 28. Qg3 Bc6
29. Ra3 Rb6 30. Rf2 Qe8 31. Kh2 Rab8 32. Bf1 Qf7 33. Kg1 Bf8 34. Be2 Ng7 35.
Nd2 Nh5 36. Qh2 Qe8 37. Qh3 Bd7 38. Nf1 Rb3 39. Ra2 Qf7 40. Nd2 R3b6 41. Nb1
Nc6 42. Na3 Nd8 43. Bd2 Rb3 44. Bf1 Bc6 45. Bc1 Be7 46. Nc2 Ne6 47. Ra3 Qe8 48.
Be2 Qf8 49. Ra1 Neg7 50. Ne1 Qd8 51. Nf3 Ne6 52. Qh2 Kh7 53. Nd2 R3b4 54. Bf3
Bd7 55. Bxh5 gxh5 56. Qh3 Qf8 57. Nf1 Qf7 58. Bd2 Rg8+ 59. Rg2 Rbb8 60. Nf2
Rxg2+ 61. Kxg2 Bc6+ 62. Kh2 Rxb2 63. Qg3 Nf8 64. Bc1 Rb6 65. Qh3 Ng6 66. Ng3
Nxh4 67. Kg1 Bg2 68. Qxg2 Nxg2 69. Kxg2 h4 0-1

[Event "North American Open 2014"]
[Site "Las Vegas"]
[Date "2014.12.27"]
[Round "3.12"]
[White "Sevillano, Enrico"]
[Black "Tang, Andrew"]
[Result "1/2-1/2"]
[WhiteElo "2465"]
[BlackElo "2326"]
[PlyCount "82"]
[EventDate "2014.12.??"]
[EventType "swiss"]
[EventRounds "9"]
[EventCountry "USA"]
[Source "MonRoi"]

1. e4 e5 2. Nf3 Nc6 3. Bb5 a6 4. Ba4 Nf6 5. d3 b5 6. Bb3 Be7 7. a4 b4 8. O-O d6
9. Nbd2 O-O 10. h3 Be6 11. Re1 Rb8 12. Nc4 Nd7 13. Be3 Bf6 14. Ncd2 Qe7 15. Bc4
Bxc4 16. Nxc4 Qe6 17. b3 d5 18. exd5 Qxd5 19. Re2 g6 20. Qf1 Bg7 21. Rae1 f5
22. Kh1 h6 23. Bc1 Rbe8 24. Bb2 Re7 25. Qg1 Rfe8 26. Qh2 Bf6 27. Ng1 Nb6 28.
Qg3 Kh7 29. f4 Nxc4 30. dxc4 Qc5 31. fxe5 Bxe5 32. Bxe5 Nxe5 33. Nf3 Nxf3 34.
Qxf3 Rxe2 35. Rxe2 Rxe2 36. Qxe2 Kg7 37. Qf3 Qe5 38. Qc6 Qe1+ 39. Kh2 Qe5+ 40.
Kh1 Qe1+ 41. Kh2 Qe5+ 1/2-1/2

[Event "North American Open 2014"]
[Site "Las Vegas"]
[Date "2014.12.27"]
[Round "3.13"]
[White "Vera, Reinaldo"]
[Black "Krishnan, Varun"]
[Result "1-0"]
[WhiteElo "2445"]
[BlackElo "2276"]
[PlyCount "49"]
[EventDate "2014.12.??"]
[EventType "swiss"]
[EventRounds "9"]
[EventCountry "USA"]
[Source "MonRoi"]

1. d4 d5 2. c4 e6 3. Nc3 c6 4. e4 Bb4 5. Bd2 Ne7 6. Nf3 Bxc3 7. Bxc3 dxe4 8.
Ng5 e3 9. fxe3 Nf5 10. Nf3 Nxe3 11. Qe2 Ng4 12. O-O-O Nf6 13. g4 h6 14. Rg1 Qc7
15. g5 hxg5 16. Rxg5 Nh5 17. Ne5 g6 18. d5 Rh7 19. d6 Qd8 20. Qe3 Ng7 21. Bd3
Rh3 22. Rg3 Rxg3 23. hxg3 Nh5 24. Qh6 Qxd6 25. Bxg6 1-0

[Event "North American Open 2014"]
[Site "Las Vegas"]
[Date "2014.12.27"]
[Round "3.14"]
[White "Chandra, Akshat"]
[Black "Yanayt, Eugene"]
[Result "0-1"]
[WhiteElo "2489"]
[BlackElo "2247"]
[PlyCount "102"]
[EventDate "2014.12.??"]
[EventType "swiss"]
[EventRounds "9"]
[EventCountry "USA"]
[Source "MonRoi"]

1. e4 c5 2. Nf3 d6 3. d4 cxd4 4. Nxd4 Nf6 5. Nc3 g6 6. Be3 Bg7 7. f3 Nc6 8. Qd2
O-O 9. O-O-O d5 10. exd5 Nxd5 11. Nxc6 bxc6 12. Bd4 e5 13. Bc5 Be6 14. Ne4 Re8
15. h4 h6 16. g4 Qc7 17. g5 h5 18. Bc4 Red8 19. Qf2 Nf4 20. Bxe6 Nxe6 21. Bd6
Qa5 22. Kb1 Rd7 23. Rd2 Rad8 24. Rhd1 Nd4 25. c3 Rxd6 26. Nxd6 Rxd6 27. cxd4
exd4 28. Qe2 Qd5 29. Qd3 c5 30. Rc2 Re6 31. Rdc1 Bf8 32. Re2 Rc6 33. Re8 Qd7
34. Re5 Qd6 35. Re2 Kh7 36. Qc4 Qd7 37. Rce1 Rc7 38. Re5 Qh3 39. Re8 Qxh4 40.
R1e4 Qh1+ 41. Re1 Qh4 42. Qd5 Bg7 43. Rc1 Qf4 44. Rh1 c4 45. Re4 Qd2 46. Re8
Qd3+ 47. Ka1 c3 48. Qb3 Qd2 49. a3 d3 50. Ka2 Qg2 51. Rxh5+ gxh5 0-1

[Event "North American Open 2014"]
[Site "Las Vegas"]
[Date "2014.12.27"]
[Round "3.15"]
[White "Eckert, Doug"]
[Black "Batchuluun, Tsegme"]
[Result "1/2-1/2"]
[WhiteElo "2218"]
[BlackElo "2525"]
[PlyCount "77"]
[EventDate "2014.12.??"]
[EventType "swiss"]
[EventRounds "9"]
[EventCountry "USA"]
[Source "MonRoi"]

1. c4 Nf6 2. g3 c6 3. Nf3 d5 4. Bg2 Bf5 5. cxd5 cxd5 6. Qb3 Qb6 7. Qxb6 axb6 8.
Nc3 e6 9. d3 Nc6 10. Bf4 h6 11. Nb5 Bb4+ 12. Bd2 Ke7 13. O-O Bxd2 14. Nxd2 Rhc8
15. Rfc1 e5 16. f4 Be6 17. fxe5 Nxe5 18. Nc7 Rab8 19. Nb3 Nc6 20. Nb5 Ng4 21.
Nc3 Nf6 22. Nb5 g5 23. Rc3 Ra8 24. a3 Ra4 25. Rac1 Rd8 26. e3 Ng4 27. Re1 Rd7
28. Rcc1 Nge5 29. Red1 Ng4 30. Re1 Nge5 31. Red1 Ra8 32. N5d4 h5 33. h3 Rdd8
34. Rd2 Rac8 35. Rf1 Nxd4 36. Nxd4 Rg8 37. Kh2 Rg6 38. e4 dxe4 39. Bxe4 1/2-1/2

[Event "North American Open 2014"]
[Site "Las Vegas"]
[Date "2014.12.27"]
[Round "3.16"]
[White "Shen, Yang"]
[Black "Colas, Joshua"]
[Result "1-0"]
[WhiteElo "2475"]
[BlackElo "2220"]
[PlyCount "159"]
[EventDate "2014.12.??"]
[EventType "swiss"]
[EventRounds "9"]
[EventCountry "USA"]
[Source "MonRoi"]

1. d4 Nf6 2. c4 e6 3. Nc3 Bb4 4. Qc2 O-O 5. Nf3 b6 6. e4 Bb7 7. Bd3 h6 8. O-O
d5 9. cxd5 exd5 10. e5 Nfd7 11. a3 Bxc3 12. bxc3 c5 13. a4 Nc6 14. Ba3 Re8 15.
Rad1 Rc8 16. Qb1 Na5 17. Nd2 cxd4 18. cxd4 Nc4 19. Bc1 Nf8 20. Bf5 Ne6 21. Nb3
Bc6 22. Qa2 Qd7 23. a5 Ba4 24. axb6 axb6 25. Rd3 Qb5 26. f4 Ra8 27. Bxe6 fxe6
28. f5 exf5 29. Rg3 Bxb3 30. Rxb3 Rxa2 31. Rxb5 Rd8 32. Rxf5 Ra1 33. Rf1 Rf8
34. Re1 Na3 35. Rb2 Rc8 36. Bd2 Rxe1+ 37. Bxe1 Rc1 38. Kf2 Rc2+ 39. Rxc2 Nxc2
40. Bc3 Kf7 41. Ke2 Ke6 42. g4 g6 43. Kd3 Na3 44. Bd2 h5 45. gxh5 gxh5 46. Bb4
Nc4 47. Ke2 Kf5 48. Kf3 b5 49. Ke2 Nb6 50. Kd3 Nc4 51. Be1 Ke6 52. Bb4 Nb6 53.
Bd2 Nc8 54. Kc3 Ne7 55. Kb4 Nf5 56. Kc5 Nh4 57. Be3 Nf3 58. h3 h4 59. Kxb5 Nh2
60. Kb4 Nf1 61. Bf2 Ng3 62. Kb3 Kf5 63. Kc2 Nh5 64. Bxh4 Nf4 65. Bf2 Ke4 66.
Kd2 Kf3 67. Be3 Ne6 68. h4 Kg4 69. Bf2 Ng7 70. Kd3 Ne6 71. Ke3 Ng7 72. Ke2 Ne6
73. Kd3 Ng7 74. Kc3 Kf3 75. Bg1 Kg4 76. Kb4 Ne6 77. Bf2 Kf3 78. h5 Kxf2 79. h6
Nf8 80. Kc5 1-0

[Event "North American Open 2014"]
[Site "Las Vegas"]
[Date "2014.12.27"]
[Round "3.17"]
[White "Winer, Steven"]
[Black "Hilby, Craig"]
[Result "1/2-1/2"]
[WhiteElo "2380"]
[BlackElo "2219"]
[PlyCount "76"]
[EventDate "2014.12.??"]
[EventType "swiss"]
[EventRounds "9"]
[EventCountry "USA"]
[Source "MonRoi"]

1. Nf3 Nf6 2. c4 c5 3. Nc3 Nc6 4. g3 d5 5. cxd5 Nxd5 6. Bg2 Nc7 7. O-O e5 8. d3
Be7 9. Nd2 O-O 10. Nc4 f6 11. Bxc6 bxc6 12. Qa4 Bh3 13. Rd1 Qd7 14. Be3 Nb5 15.
Na5 Nd4 16. Nb3 Kh8 17. Qc4 Qg4 18. Bxd4 cxd4 19. f3 Qh5 20. Ne4 f5 21. Nf2 Rf6
22. Qa6 Rh6 23. Qb7 Re8 24. Qd7 Rd6 25. Qc7 Rh6 26. Rac1 c5 27. Qd7 Bg5 28.
Rxc5 Be3 29. Rc8 Rg8 30. Qd8 Qf7 31. Na5 f4 32. Qxg8+ Qxg8 33. Rxg8+ Kxg8 34.
Nc4 Be6 35. Nxe3 fxe3 36. Ne4 Bxa2 37. Ra1 Bd5 38. Ra5 Bxe4 1/2-1/2

[Event "North American Open 2014"]
[Site "Las Vegas"]
[Date "2014.12.27"]
[Round "3.19"]
[White "Nanjo, Ryosuke"]
[Black "Lin, Dachey"]
[Result "1-0"]
[WhiteElo "2348"]
[BlackElo "2141"]
[PlyCount "59"]
[EventDate "2014.12.??"]
[EventType "swiss"]
[EventRounds "9"]
[EventCountry "USA"]
[Source "MonRoi"]

1. e4 d5 2. exd5 Qxd5 3. Nf3 Bg4 4. Be2 Nf6 5. d4 e6 6. h3 Bh5 7. O-O Nc6 8. c4
Qd7 9. Be3 O-O-O 10. Nbd2 Bb4 11. Nb3 Ne4 12. c5 Qe8 13. Qc2 f5 14. a3 Ba5 15.
Bb5 Qg6 16. Nh2 f4 17. Bxc6 bxc6 18. Bxf4 e5 19. Bxe5 Nd2 20. Qxg6 Bxg6 21.
Nxa5 Nxf1 22. Nxf1 Be4 23. Ne3 Kd7 24. f3 Bg6 25. Bxg7 Rhg8 26. Be5 Rb8 27. Ng4
Rgf8 28. b4 h5 29. Nf6+ Ke6 30. Nxc6 1-0

[Event "North American Open 2014"]
[Site "Las Vegas"]
[Date "2014.12.27"]
[Round "3.22"]
[White "Mousseri, Daniel"]
[Black "Brown, Michael"]
[Result "0-1"]
[WhiteElo "2113"]
[BlackElo "2319"]
[PlyCount "54"]
[EventDate "2014.12.??"]
[EventType "swiss"]
[EventRounds "9"]
[EventCountry "USA"]
[Source "MonRoi"]

1. e4 e5 2. Nf3 Nc6 3. Bc4 Bc5 4. b4 Bxb4 5. c3 Be7 6. d4 Na5 7. Bd3 d6 8. dxe5
dxe5 9. Nxe5 Nf6 10. O-O O-O 11. Qc2 c6 12. Nd2 Qc7 13. f4 Rd8 14. Ndf3 Bc5+
15. Kh1 h6 16. c4 Ng4 17. Bb2 Ne3 18. Qc3 f6 19. Ng6 Be6 20. f5 Rxd3 21. Qxd3
Bxc4 22. Qc3 Nxf1 23. Rxf1 Bxf1 24. Qxc5 Nc4 25. Bc3 Qb6 26. Qe7 Qf2 27. Nf4
Ne3 0-1

[Event "North American Open 2014"]
[Site "Las Vegas"]
[Date "2014.12.27"]
[Round "3.23"]
[White "Gulamali, Kazim"]
[Black "Chow, Colin"]
[Result "1-0"]
[WhiteElo "2315"]
[BlackElo "2123"]
[PlyCount "55"]
[EventDate "2014.12.??"]
[EventType "swiss"]
[EventRounds "9"]
[EventCountry "USA"]
[Source "MonRoi"]

1. Nf3 Nf6 2. g3 e6 3. Bg2 Be7 4. O-O O-O 5. c4 d5 6. b3 c5 7. Bb2 Nc6 8. e3
Qb6 9. Qe2 Rd8 10. Nc3 Bd7 11. Rac1 d4 12. Na4 Qa5 13. exd4 Nxd4 14. Nxd4 cxd4
15. Bxd4 Bxa4 16. Bc3 Bb4 17. bxa4 Qxa4 18. Bxf6 gxf6 19. Qg4+ Kh8 20. c5 f5
21. Qh4 Qa5 22. d4 Rab8 23. Qf6+ Kg8 24. d5 exd5 25. Qg5+ Kf8 26. Qxf5 Qxa2 27.
Qxh7 Qe2 28. Qh8+ 1-0

[Event "North American Open 2014"]
[Site "Las Vegas"]
[Date "2014.12.27"]
[Round "3.24"]
[White "Inapuri, Ramya"]
[Black "Song, Edward"]
[Result "0-1"]
[WhiteElo "2107"]
[BlackElo "2289"]
[PlyCount "74"]
[EventDate "2014.12.??"]
[EventType "swiss"]
[EventRounds "9"]
[EventCountry "USA"]
[Source "MonRoi"]

1. d4 Nf6 2. c4 e6 3. Nf3 d5 4. Nc3 c6 5. cxd5 exd5 6. Bg5 h6 7. Bh4 Bf5 8. Qb3
g5 9. Bg3 Qb6 10. Qxb6 axb6 11. e3 Nbd7 12. Ne5 Nh5 13. Nxd7 Kxd7 14. Kd2 Nxg3
15. hxg3 b5 16. Bd3 Be6 17. f3 f5 18. Ne2 b4 19. f4 Bg7 20. Rh5 Ke7 21. Kc2 b6
22. fxg5 hxg5 23. Rxh8 Rxh8 24. a3 Ra8 25. Rb1 c5 26. Kd2 c4 27. Bc2 b3 28. Bd1
Rh8 29. Ke1 Rh1+ 30. Kf2 f4 31. gxf4 Bf5 32. Rc1 gxf4 33. Nxf4 Be4 34. Ke2 Bh6
35. Kd2 Bxf4 36. exf4 Rh2 37. Kc3 Rxg2 0-1